The Lion King [

Bibliographic Details
Main Author: Allers, Roger
Format: Book
Published: s.l : Hifi Setereo , 19-
Subjects:

MARC

LEADER 00000cam a2200000 7i4500
001 0000005961
002 000006437
005 20000330.0
020 |a 000006437 
090 0 0 |a JF   |b LIO 
100 1 |a Allers, Roger 
245 1 4 |a The Lion King [  |h videorecording]   |c Roger Allers 
260 |a s.l :   |b Hifi Setereo ,   |c 19- 
300 |a 1 videocassette VHS (1 hrs 31 min) :   |b col.(PAL) 
650 0 0 |a Animal fiction 
999 |a 00164   |b VIDEO   |c JUNIOR FICTION   |e PERPUSTAKAAN KOMUNITI PETALING JAYA